000
00313nam a2200133Ia 4500
999
_c
8
_d
8
003
OSt
008
191201s2007 xx 000 0 und d
100
_a
RONHUBBARD, L
245
0
_a
Advanced Procedure and Axioms
260
_a
N. delhi
_b
Hubbard Pub
_c
2007
300
_a
295
650
_a
General Books
942
_2
ddc
_c
BK
_0
1